000 nam a22 a 4500
999 _c1197
_d1197
003 AKMAL
005 20170508152932.0
008 170508s1991 my e 000 0 may d
020 _a9839581635 (Rgt. 15.00)
040 _aAKMAL
082 0 4 _a297.5 GHA
_221
090 0 0 _a297.5
_bGHA
100 0 _aGhazzali,
_d1058-1111
_91520
245 1 0 _aAkhlak seorang muslim /
_cMuhammad Al-Ghazali ; terjemahan oleh Abu Laila dan Muhammad Tohir
260 _aKuala Lumpur :
_bVictory Agencie,
_c1991
300 _a442ms. ;
_c22cm
500 _aMengandungi ayat-ayat dari Qur'an
650 1 0 _aIslamic ethics
_91621
650 1 0 _aReligious life
_xIslam
_9819
700 0 _aAbu Laila
_92415
700 0 _aMuhammad Tohir
_92416
942 _2ddc
_cBOOK